| 000 | 01216nam a2200325 i 4500 | ||
|---|---|---|---|
| 003 | EG-GICUC | ||
| 005 | 20260127150203.0 | ||
| 008 | 260127s1913 fr ||||fr|||| 000 0 fre d | ||
| 040 |
_aEG-GiCUC _bfre _cEG-GiCUC _dEG-GiCUC _erda |
||
| 041 | _afre | ||
| 082 | 0 | 4 |
_221 _a341.801 _bWE . T |
| 092 | 0 | 4 | _221 |
| 099 | _aLaw1 12 341.801 WE . T 2 ed - 1913 | ||
| 100 | 1 |
_aWeiss, André _eAuteur |
|
| 245 | 1 | 0 |
_aTraité Théorique Et Pratique De Droit International Privé. _nTome Cinquième, _pL'étranger Et La Justice/ _cPar André Weiss. |
| 250 | _aDeuxième Édition | ||
| 264 | 1 |
_aParis : _bLibrairie Du Recueil Sirey, _c1913. |
|
| 300 |
_a710 pages ; _c24 cm |
||
| 336 |
_2rda content _atext |
||
| 337 |
_2rda media _aComputer |
||
| 338 |
_2rda carrier _aOnline Resource |
||
| 500 | _aLes Quatre Premiers Volumes De La Première Édition De Cet Ouvrage Ont Été Couronnés Par L'académie Des Sciences Morales Et Politiques (Priz Wolowski, 1902 | ||
| 504 | _aBibliography: pages 200-250. | ||
| 546 | _aTexte en français | ||
| 650 | 1 | 4 |
_aPrivate international law _2qrmak |
| 651 | 1 | _2qrmak | |
| 856 | 4 | 0 | _uhttps://fll.law.cu.edu.eg/fulltext/bks/B12-02333.pdf |
| 905 | _a79 | ||
| 942 |
_2ddc _cBK _e21 _n0 |
||
| 999 |
_c59610 _d59610 |
||